Letalidade em Culex quinquefasciatus de compostos secundários de espécies do Cerrado tocantinense: Copaifera reticulata, Pterodon emarginatus (Registro n. 337800)
[ somente texto ]
| 000 -LÍDER | |
|---|---|
| fixed length control field | 04288nab a2200433 4500 |
| 003 - CÓDIGO MARC DA AGÊNCIA CATALOGADORA | |
| Campo de controle | BR-BrBNA |
| 005 - DATA E HORA DA ÚLTIMA ATUALIZAÇÃO | |
| Campo de controle | 20250826003258.0 |
| 008 - CAMPO DE TAMANHO FIXO | |
| fixed length control field | 250826b2022 bl.tr|pooa||| 00| 0 por | |
| 040 ## - FONTE DA CATALOGAÇÃO | |
| Agência catalogadora | BR-BrBNA |
| Idioma da catalogação | por |
| 072 ## - CATEGORIA AGRIS | |
| Código AGRIS | H10 |
| Código do objeto | 2590 ; 9530 ; 3885 |
| 100 ## - ENTRADA PRINCIPAL - NOME PESSOAL | |
| Nome pessoal | Santos, Thiago César |
| 100 ## - ENTRADA PRINCIPAL - NOME PESSOAL | |
| Nome pessoal | Silva, Damiana Beatriz |
| 100 ## - ENTRADA PRINCIPAL - NOME PESSOAL | |
| Nome pessoal | Menezes, Ana Cristina de |
| 100 ## - ENTRADA PRINCIPAL - NOME PESSOAL | |
| Nome pessoal | Mourão, Dalmarcia de Souza Carlos |
| 100 ## - ENTRADA PRINCIPAL - NOME PESSOAL | |
| Nome pessoal | Portella, Augustus Caeser Franke |
| 100 ## - ENTRADA PRINCIPAL - NOME PESSOAL | |
| Nome pessoal | Giongo, Marcos |
| 245 ## - TÍTULO PRINCIPAL | |
| Título principal | Letalidade em Culex quinquefasciatus de compostos secundários de espécies do Cerrado tocantinense: Copaifera reticulata, Pterodon emarginatus |
| 500 ## - NOTA GERAL | |
| Nota geral | Summaries (En, Pt); 43 ref.; 2 illus.; 1 table |
| 942 ## - ADDED ENTRY ELEMENTS (KOHA) | |
| Koha item type | Analítica |
| 520 ## - NOTA DE RESUMO | |
| Nota de conteúdo | Lethality in Culex quinquefasciatus of secondary compounds of species from the Cerrado region of Tocantins Copaifera reticulata, Pterodon emarginatu Forest resources are of great importance in the search for products with an environmental bias in the path of sustainable development with the extraction of native resources available mainly in the cerrado Tocantinense, and they also have secondary metabolic with promising photochemical against disease-transmitting mosquitoes. The objectives of this work were to analyze the lethal concentrations LC50 and LC90in third-stage larvae of Culex quinquefasciatus insects, with the inoculation of crude extract oil from Copaifera reticulata, Pterodon emarginatus. The extraction of crude oil from Copaifera reticulata was by core drilling, and from Pterodon emarginatus by fried pressing. The bioassay of lethal concentrations was diluted in DMSO (dimethyl sufoxide), inoculated into larvae at different concentrations, and analyzed for lethality after 24 hours. The results for LC50 Copaifera reticulata were 190.79 ppm and 392.84 ppm. Pterodon emarginatus presented LC50 and LC90 values of 84.80 ppm and 198.09 ppm. The LC50 and LC90 ecotoxicity demonstrated larvicidal potential against Culex quinquefasciatus larvae, with Pterodon emarginatus oil having the lowest lethal concentration.<br/><br/>Keyworks: Culex, extract, secondary metabolic, lethality |
| 520 ## - NOTA DE RESUMO | |
| Nota de conteúdo | Os recursos florestais são de grande importância na busca por produtos com viés ambiental no cami-nho do desenvolvimento sustentável com a extração de recursos nativos disponíveis principalmente no cerrado Tocantinense sendo que também possuem metabólicos secundários com fotoquímicos promissores contra mosquitos transmissores de doenças. Os objetivos deste trabalho foram de anali-sar as concentrações letais CL50e CL90em larvas de terceiro estágio de insetos Culex quinquefasci-atus, com a inoculação de óleo extrato bruto de Copaifera reticulata, Pterodon emarginatus. A extração do óleo bruto de Copaifera reticulata foi por perfuração no cerne, e da Pterodon emarginatus por prensagem a frito. Os bioensaio das concentrações letais foram diluídos em DMSO (dimetilsu-fóxido) e inoculado nas larvas em concentrações diferentes e analisado a letalidade após 24horas. Os resultados para CL50 Copaifera reticulata foram de 190,79 ppm e 392,84 ppm. Pterodon emarginatus apresentou valores de CL50e CL90de 84,80 ppm e 198,09 ppm. A ecotoxidade CL50e CL90 demonstraram potencial larvicida contra larvas de Culex quinquefasciatus sendo que o óleo de Pterodon emarginatus teve a menor concentração letal.<br/><br/>Palavras-chaves: Culex, extrato, metabólico secundário, letalidade |
| 650 ## - ASSUNTO - THESAGRO | |
| Cabeçalho tópico ou nome geográfico | COPAIFERA RETICULATA |
| 650 ## - ASSUNTO - THESAGRO | |
| Cabeçalho tópico ou nome geográfico | COPAÍBA |
| 650 ## - ASSUNTO - THESAGRO | |
| Cabeçalho tópico ou nome geográfico | ÁRVORE |
| 650 ## - ASSUNTO - THESAGRO | |
| Cabeçalho tópico ou nome geográfico | PTERODON EMARGINATUS |
| 650 ## - ASSUNTO - THESAGRO | |
| Cabeçalho tópico ou nome geográfico | SUCUPIRA |
| 650 ## - ASSUNTO - THESAGRO | |
| Cabeçalho tópico ou nome geográfico | ÁRVORE |
| 650 ## - ASSUNTO - THESAGRO | |
| Cabeçalho tópico ou nome geográfico | ÓLEO VEGETAL |
| 650 ## - ASSUNTO - THESAGRO | |
| Cabeçalho tópico ou nome geográfico | INOCULAÇÃO |
| 650 ## - ASSUNTO - THESAGRO | |
| Cabeçalho tópico ou nome geográfico | LARVA |
| 650 ## - ASSUNTO - THESAGRO | |
| Cabeçalho tópico ou nome geográfico | INSETO |
| 650 ## - ASSUNTO - THESAGRO | |
| Cabeçalho tópico ou nome geográfico | CULEX QUINQUEFASCIATUS |
| 650 ## - ASSUNTO - THESAGRO | |
| Cabeçalho tópico ou nome geográfico | LARVICIDA |
| 650 ## - ASSUNTO - THESAGRO | |
| Cabeçalho tópico ou nome geográfico | CERRADO |
| 650 ## - ASSUNTO - THESAGRO | |
| Cabeçalho tópico ou nome geográfico | TOCANTINS |
| 773 0# - ENTRADA ANALÍTICA | |
| Host Biblionumber | 4944 |
| Registro do item | 346132 |
| Imprenta | Universidade Federal de Tocantins. Centro de Monitoramento Ambiental e Manejo do Fogo 2010 |
| Outro identificador | 2024-6780 |
| Título | Journal of Biotechnology and Biodiversity (Brazil) |
| ISSN | 2179-4804 |
| Colação | v. 10(2) p. 150-156; (2022) |
| Número de controle de registro | BR2025002086 |
| 856 ## - ACESSO E ENDEREÇO ELETRÔNICO | |
| Identificador uniforme de recurso - URI | https://sistemas.uft.edu.br/periodicos/index.php/JBB/article/view/13713/20363 |
Nenhum exemplar disponível.

BINAGRI